MARC

LEADER 00000nam0a2200000 4500
001 262237
005 20231101233632.0
035 |a (RuTPU)RU\TPU\book\285219 
035 |a RU\TPU\book\276865 
090 |a 262237 
100 |a 20140530d1960 m y0rusy50 ca 
101 0 |a rus 
102 |a RU 
105 |a a j 001zy 
200 1 |a Введение в теорию функций комплексного переменного  |e учебник для вузов  |f И. И. Привалов 
205 |a 10-е изд. 
210 |a Москва  |c Физматгиз  |d 1960 
215 |a 444 с.  |c черт. 
320 |a Алф. указ.: с. 438-444. 
606 1 |a Функции комплексного переменного  |2 stltpush  |3 (RuTPU)RU\TPU\subj\17059  |9 42902 
610 1 |a функции комплексного переменного 
610 1 |a комплексные числа 
610 1 |a преобразования 
610 1 |a теорема Коши 
610 1 |a интеграл Коши 
610 1 |a аналитические функции 
610 1 |a ряды 
610 1 |a теория вычетов 
610 1 |a теорема Пикара 
610 1 |a эллиптические функции 
610 1 |a конформные отображения 
610 1 |a однолистные функции 
610 1 |a учебники 
610 1 |a математика 
675 |a 517.53(075.8)  |v 3 
700 1 |a Привалов  |b И. И.  |g Иван Иванович 
801 1 |a RU  |b 63413507  |c 20020402  |g PSBO 
801 2 |a RU  |b 63413507  |c 20140604  |g PSBO 
900 |a Теория функций комплексного переменного 
942 |c BK